00576cam a22002051 4500001001300000003000400013005001700017008004100034010001700075035002000092040003600112042001200148050001600160100002900176245007200205260004400277300001900321650001300340999001700353ne 63000032 DLC20260227111739.0900509s1962 le 000 0 ararc ane 63000032  a(OCoLC)21500847 aPrinceton Univ. Libr.cWaUdDLC apremarc00aHM271b.H221 aḤaddād, Ibrāhīm.13aal-Ḥurriyah ʻinda al-ʻArabc[taʼlīf] Ibrāhīm Ḥaddād. aBayrūt,bDār al-Thaqāfah,c[1962] a207 p.c20 cm. 0aLiberty. c45399d45399